Statistics for Sports by Ball Quiz

Click here to take the quiz!

General Stats

  • This quiz has been taken 1,100 times
  • The average score is 9 of 16

Answer Stats

Answer% Correct
Association Football
100%
Tennis
100%
Basketball
99%
Baseball
97%
Golf
91%
American Football
89%
Rugby
84%
Volleyball
81%
Cricket
54%
Handball
41%
Water Polo
23%
Netball
20%
Squash
16%
Lacrosse
14%
Field Hockey
11%
Sepak takraw
3%

Score Distribution

Percentile by Number Answered

Percent of People with Each Score

Your Score History

You have not taken this quiz